| 000 | 00433nam a2200181Ia 4500 | ||
|---|---|---|---|
| 001 | 23983 | ||
| 005 | 20260414151013.0 | ||
| 008 | 260414t2013||||xx |||||||||||||| ||spa|| | ||
| 041 | _aESP | ||
| 082 |
_a741.2 _bL589 |
||
| 100 |
_aCanal, María Fernanda _eAUT |
||
| 245 | 0 |
_aLa luz y la sombra en el dibujo _b |
|
| 260 | _c2013 | ||
| 300 |
_a95 páginas : _c27 cm. |
||
| 650 | _aABD | ||
| 654 | _aCAU | ||
| 942 |
_cLIB _dJUS _fJUS _2ddc _n |
||
| 999 |
_c23983 _d23983 |
||